Vznik samostatnej Slovenskej republiky z hľadiska legitimity (inauguračná prednáška)

Bibliographic Details
Main Author: Chovanec, Jaroslav, 1935- (Author)
Format: Article
Language:Slovak
ISSN:0032-6984
Subjects:

MARC

LEADER 00000nab a2200000 a 4500
001 vtls000820442
003 SK-MaSNL
005 20260304120724.0
008 250429c2002 xo 0 slo
015 |a SNBRB2003/01-00507 
035 |a CLN000172097 
035 |a urn:nbn:sk:snk-ab29ws 
035 |a (urnnbn)urn:nbn:sk:snk:ar-a0204e 
035 |a (uuid)474c25be-6e5d-4349-9a36-2f889642f830 
040 |a SNKBUCL  |b slo  |c SNKBUCL  |e AACR2 
041 0 |a slo 
044 |a xo  |c SK 
080 |a 342(437.6)  |2 1997 
100 1 |a Chovanec, Jaroslav,  |d 1935-  |4 aut  |9 85200 
245 1 0 |a Vznik samostatnej Slovenskej republiky z hľadiska legitimity (inauguračná prednáška)  |c J. Chovanec 
504 |a Bibliogr. odkazy 
651 7 |a Slovensko  |x samostatnosť  |x legitimita  |2 snkbucl  |9 1425021 
655 7 |a články z novín a časopisov  |2 snkbucl  |9 267496 
773 0 |t Právny obzor  |g Roč. 85, č. 3 (2002), s. 271-289  |x 0032-6984 
850 |a Slovenská národná knižnica 
852 |a Slovenská národná knižnica 
954 |a odborná, vedecká literatúra pôvodná (slovenská)  |2 lita 
958 |a article27 
958 |a SK 
958 |a OND 
958 |a EUIPO 
992 |a RBX 
999 |c 2881174  |d 2883104